00586nas a2200193 4500001001300000003000900013005001700022007000300039008003400042040005400076041000900130072000800139100001300147245007500160650001900235650002200254650002200276773009400298BR2012006565BR-BrBNA20231205121042.0ta230509b bl.|||p| |||| 00| 00por d aBR-BrBNAbporcBiblioteca Nacional de Agricultura a(Pt) aF501 aRick, J.1 aBasidiomycetes Eubasidii in Rio Grande do Sul- Brasília. Agaricaceae aBASIDIOMICETES aCOGUMELO VENENOSO aRIO GRANDE DO SUL0 tIheringia. Série Botânica (Brazil)xISSN 0073-4705g(Jan 1961), (no. 8)wBR2012006565